Logo Biblioteca

El jorobadito : (Registro nro. 1057)

Detalles MARC
000 -LEADER
fixed length control field 01256aam a2200241 a 4500
003 - CONTROL NUMBER IDENTIFIER
control field AR-RoUNCS
005 - DATE AND TIME OF LATEST TRANSACTION
control field 20260624151847.0
007 - PHYSICAL DESCRIPTION FIXED FIELD--GENERAL INFORMATION
fixed length control field ta
008 - FIXED-LENGTH DATA ELEMENTS--GENERAL INFORMATION
fixed length control field 151217s2014 ag |r 00| j spa d
020 ## - INTERNATIONAL STANDARD BOOK NUMBER
International Standard Book Number 978-987-07-2688-3
040 ## - CATALOGING SOURCE
Original cataloging agency AR-RoUNCS
Language of cataloging spa
Transcribing agency AR-RoUNCS
041 ## - LANGUAGE CODE
Language code of text/sound track or separate title spa
100 1# - MAIN ENTRY--PERSONAL NAME
Personal name Arlt, Roberto,
Dates associated with a name 1900-1942
Relator term autor
245 13 - TITLE STATEMENT
Title El jorobadito :
Remainder of title y otros cuentos /
Statement of responsibility, etc. Arlt.
250 ## - EDITION STATEMENT
Edition statement 1a ed.
260 ## - PUBLICATION, DISTRIBUTION, ETC.
Place of publication, distribution, etc. Buenos Aires :
Name of publisher, distributor, etc. Clarín,
Date of publication, distribution, etc. c2014.
300 ## - PHYSICAL DESCRIPTION
Extent 94 p. ;
Dimensions 18 cm.
505 00 - FORMATTED CONTENTS NOTE
Title El jorobadito --
-- Acuérdate de Azerbaijan --
-- Las fieras --
-- Viaje terrible.-
520 3# - SUMMARY, ETC.
Summary, etc. La selección de este volumen muestra al cuentista en todo su esplendor. En "El jorobadito", uno de sus textos emblemáticos, un enano -Rigoletto- le permite al narrador escapar del compromiso amoroso, la familia y el bando "de los normales". En otros, como "Las fieras", hace un repaso de hombres que han sido maravillosos perdedores. "Acuérdate de Azerbaijan" es un pequeño melodrama que narra la historia de una venganza. Y en "Viaje terrible", un relato que es casi una nouvelle, Arlt muestra su faceta fantástica como escapatoria de la opresión urbana.
650 #7 - SUBJECT ADDED ENTRY--TOPICAL TERM
Source of heading or term embne
Topical term or geographic name entry element Literatura argentina
655 #7 - INDEX TERM--GENRE/FORM
Genre/form data or focus term Cuentos
Source of term embne
942 ## - ADDED ENTRY ELEMENTS (KOHA)
Source of classification or shelving scheme Universal Decimal Classification
Koha item type Obra General
Suppress in OPAC No
Existencias
Withdrawn status Lost status Source of classification or shelving scheme Damaged status Not for loan Collection Home library Current library Date acquired Source of acquisition Total checkouts Full call number Barcode Date last seen Price effective from Koha item type
    Universal Decimal Classification     Colección General Biblioteca Escuela de Ciencias Sociales Biblioteca Escuela de Ciencias Sociales 24/06/2026 Donación 2023   82-32(82) AR725 000155 24/06/2026 24/06/2026 Obra General
Biblioteca de la Escuela Preuniversitaria en Ciencias Sociales y Humanísticas.
Riobamba 250 bis.
CP 2000 - Rosario - Santa Fe
E-Mail: biblioteca@esociales.unr.edu.ar